<?xml version="1.0" encoding="UTF-8"?>
<record
    xmlns:xsi="http://www.w3.org/2001/XMLSchema-instance"
    xsi:schemaLocation="http://www.loc.gov/MARC21/slim http://www.loc.gov/standards/marcxml/schema/MARC21slim.xsd"
    xmlns="http://www.loc.gov/MARC21/slim">

  <leader>03857nam a22002297a 4500</leader>
  <controlfield tag="005">20250523150444.0</controlfield>
  <controlfield tag="008">250522b        |||||||| |||| 00| 0 eng d</controlfield>
  <datafield tag="020" ind1=" " ind2=" ">
    <subfield code="a">9789391820183</subfield>
  </datafield>
  <datafield tag="040" ind1=" " ind2=" ">
    <subfield code="c">AIMIT LIBRARY</subfield>
  </datafield>
  <datafield tag="082" ind1=" " ind2=" ">
    <subfield code="2">1</subfield>
    <subfield code="a">001.42</subfield>
    <subfield code="b">PANP</subfield>
  </datafield>
  <datafield tag="100" ind1=" " ind2=" ">
    <subfield code="a">Pandian, P Sundara.</subfield>
    <subfield code="9">210755</subfield>
  </datafield>
  <datafield tag="245" ind1=" " ind2=" ">
    <subfield code="a">Research methodology and applications of spss in social science research /</subfield>
    <subfield code="c">By P. Sundara Pandian, S. Muthulakshmi and T. Vijayakumar.</subfield>
  </datafield>
  <datafield tag="250" ind1=" " ind2=" ">
    <subfield code="a">1st ed.</subfield>
  </datafield>
  <datafield tag="260" ind1=" " ind2=" ">
    <subfield code="a">New Delhi :</subfield>
    <subfield code="b">Sultan Chand and Sons,</subfield>
    <subfield code="c">2024.</subfield>
  </datafield>
  <datafield tag="300" ind1=" " ind2=" ">
    <subfield code="a">xxxii,324p.;</subfield>
    <subfield code="b">PB</subfield>
    <subfield code="c">25.5cm.</subfield>
  </datafield>
  <datafield tag="500" ind1=" " ind2=" ">
    <subfield code="a">Research methodology is taught as a supporting subject in several ways in many academic disciplines such as  education, psychology, social work, library studies and marketing research. The core philosophical base for this book comes from my conviction that, although these disciplines vary in content, their broad approach to a research enquiry is similar. This book, therefore, is addressed to these academic disciplines and business people. This textbook provides the readers  with an understanding of the Introduction to Research, types of research, Steps in Research Process, Identification of Research Problems, Importance of Review of Literature, Research Design, Methods of Data Collection, Hypothesis, Sampling Techniques, Introduction to SPSS, Descriptive Statistics, Cross tabulation, One Sample t-Test, Paired Sample t-test, One Way ANOVA, Two Way ANOVA, Factorial ANOVA, MANOVA, Chi-Square Test, Non- Parametric Test, MANN Whitney Test, Wilcoxan Test, Kruskal -Wallis Test, Friedman Test,  Correlation Analysis, Multiple Regression Analysis, Factor Analysis, Cluster Analysis, Multi - Dimensional Scaling, Discriminate Analysis , Canonical Correlation, Overview of Structural Equation Model (SEM) and Report Writing.  It uses simple examples to demystify complex theories and methodologies. This well-organized book deals with the variety of research methods and tools  used in management and social sciences with application of SPSS. A Handbook of Research Methodology is recommended for use in undergraduate and postgraduate courses focusing on research methodologies in various disciplines.
          The edition contains significant additional input in almost every chapter of the book. It provided enhanced insights into issues from emerging countries' business. The practical examples covers all aspects of parametric and non - parametric test which is relevant for business in these emerging countries. This edition includes several new cases and examples which would help students comprehend the research methodologies illustrated in each chapter. This edition will equip students with the knowledge of skills involved in this basic research process.</subfield>
  </datafield>
  <datafield tag="505" ind1=" " ind2=" ">
    <subfield code="a">
Contents:

Introduction to Research
Types to Research
Steps in Research Process
Identification of Research Problems
Review of Literature
Research Design
Methods of Data Collection
Hypothesis
Sampling Techniques
Introduction to Statistical Package for Social Sciences (SPSS)
Descriptive Statistics
Cronbach&#x2019;s Alpha Test
Parametric Test
One Sample T-test
Two-sample T-test or Independent Sample t-test
Paired Sample T-test
Analysis of Variance (ANOVA)
Two-way ANOVA
Factorial ANOVA
Multivariate Analysis of Variance (MANOVA)
Chi-square Test
Non-parametric Tests 
Friedman&#x2019;s Test
Mann-whitney Test or U-test
Wilcoxon Signed Rank Test
Kruskal Wallis Test
Meaning of Correlation Analysis
Multiple Regression Analysis
Factor Analysis
Cluster Analysis
Multidimensional Scaling
Discriminant Analysis
Structural Equations Modelling
Interpretation and Report Preparation
Bibliography</subfield>
  </datafield>
  <datafield tag="650" ind1=" " ind2=" ">
    <subfield code="a">Steps in research process</subfield>
    <subfield code="9">210756</subfield>
  </datafield>
  <datafield tag="650" ind1=" " ind2=" ">
    <subfield code="a">Review of literature</subfield>
    <subfield code="9">210757</subfield>
  </datafield>
  <datafield tag="650" ind1=" " ind2=" ">
    <subfield code="a">Methods of data collection</subfield>
    <subfield code="9">210758</subfield>
  </datafield>
  <datafield tag="942" ind1=" " ind2=" ">
    <subfield code="2">ddc</subfield>
    <subfield code="c">BK</subfield>
    <subfield code="e">1</subfield>
    <subfield code="k">001.42 PANP</subfield>
  </datafield>
  <datafield tag="999" ind1=" " ind2=" ">
    <subfield code="c">234313</subfield>
    <subfield code="d">234313</subfield>
  </datafield>
  <datafield tag="952" ind1=" " ind2=" ">
    <subfield code="0">0</subfield>
    <subfield code="1">0</subfield>
    <subfield code="2">ddc</subfield>
    <subfield code="4">0</subfield>
    <subfield code="7">0</subfield>
    <subfield code="8">MBA</subfield>
    <subfield code="a">AIMIT</subfield>
    <subfield code="b">AIMIT</subfield>
    <subfield code="c">RM</subfield>
    <subfield code="d">2025-03-20</subfield>
    <subfield code="l">0</subfield>
    <subfield code="o">001.42 PANP</subfield>
    <subfield code="p">MBA15167</subfield>
    <subfield code="r">2026-05-23 00:00:00</subfield>
    <subfield code="w">2025-05-22</subfield>
    <subfield code="y">BK</subfield>
  </datafield>
  <datafield tag="952" ind1=" " ind2=" ">
    <subfield code="0">0</subfield>
    <subfield code="1">0</subfield>
    <subfield code="2">ddc</subfield>
    <subfield code="4">0</subfield>
    <subfield code="7">0</subfield>
    <subfield code="8">MBA</subfield>
    <subfield code="a">AIMIT</subfield>
    <subfield code="b">AIMIT</subfield>
    <subfield code="c">RM</subfield>
    <subfield code="d">2025-03-20</subfield>
    <subfield code="e">Donated</subfield>
    <subfield code="l">0</subfield>
    <subfield code="o">001.42 PANP</subfield>
    <subfield code="p">MBA15168</subfield>
    <subfield code="r">2026-05-23 00:00:00</subfield>
    <subfield code="w">2025-05-26</subfield>
    <subfield code="y">BK</subfield>
  </datafield>
</record>
